000 00468nam a2200193Ia 4500
003 OSt
005 20220531110822.0
008 210210b1967 xxu||||| |||| 00| 0 eng d
040 _cAL
041 _aEnglish
082 _a621.47 HALC
100 _aHALACY (D S).
_939619
245 _aComing age of solar energy
260 _aDelhi.
_bSterling Publishers Pvt Ltd.
_c1967
300 _a241
690 _aSolar Energy
_939620
906 _aCC00066
942 _2ddc
_cBK
999 _c109318
_d109318